| 000 | 00566nam a2200205Ia 4500 | ||
|---|---|---|---|
| 003 | GCL | ||
| 008 | 140319s9999 xx 000 0 ara d | ||
| 040 |
_aGCL / _cGCL |
||
| 082 | 0 | 4 |
_a575.1 _bا ا |
| 100 | 1 | _aاحمد الكبسى | |
| 245 | 1 | 0 |
_aاساسيات علم الوراثة الطبية / _cاحمد الكبسى |
| 700 | 1 | _aامرى، الان | |
| 700 | 1 | _aاحمد الكباريتى | |
| 300 | _a289 ص. | ||
| 490 | _a | ||
| 650 | 0 | 4 | _aالامراض الوراثية |
| 650 | 0 | 4 | _aالوراثة |
| 650 | 0 | 4 | _aالاحياء |
| 942 |
_2ddc _cBK |
||
| 999 |
_c44210 _d44210 |
||